| 000 | 01086nam a2200241Ia 4500 | ||
|---|---|---|---|
| 008 | 0000002008 usad 0000000000eng00 | ||
| 020 | _a9780980088175 | ||
| 090 | _aPUS00 A21a2 | ||
| 245 | 1 | 0 |
_aAdam Straus _b: drill here! drill now! |
| 300 |
_a[28] p. _c/ 27 cm. |
||
| 500 | _aExposición realizada en Nohra Haime Gallery, New York, octubre 7 noviembre 15, 2008 \ Incluye cronología del artista \ Proyecto Ganador Programa Apoyos Concertados FGAA 2010 | ||
| 505 | _aOBRAS : Air and water Fire and earth Warner island shinnecock Water Shoreline Water into void Open water Long Island sound after sunset Earth and air blue skies and green pastures | ||
| 600 | 0 | 0 |
_aSTRAUS, ADAM, 1956/ _xTRABAJOS PICTORICOS |
| 650 | 1 | 4 | _aARTE CONTEMPORANEO ESTADOUNIDENSE |
| 650 | 1 | 4 | _aARTISTAS PLASTICOS ESTADOUNIDENSES |
| 650 | 1 | 4 | _xCATALOGOS |
| 650 | 1 | 4 | _xEXPOSICIONES |
| 650 | 1 | 4 | _aPINTORES ESTADOUNIDENSES |
| 650 | 1 | 4 | _aPINTURA AL OLEO |
| 650 | 1 | 4 | _aPINTURA DE PAISAJES |
| 650 | 1 | 4 | _aPINTURA ESTADOUNIDENSE |
| 999 |
_c12219 _d12219 |
||
| 260 |
_aNew York : Nohra Haime Gallery _c2008 |
||